Refakturácia služieb z pohľadu DPH
Vymedzenie pojmu refakturácia služby. Predmet dane z pridanej hodnoty pri refakturovaní služby. Ilustračný príklad.
Enregistré dans:
| Auteur principal: | |
|---|---|
| Format: | Chapitre de livre |
| Langue: | slovaque |
| Sujets: | |
| Tags: |
Pas de tags, Soyez le premier à ajouter un tag!
|
MARC
| LEADER | 00000naa a2200000 4500 | ||
|---|---|---|---|
| 001 | 0234019 | ||
| 005 | 20240502073810.8 | ||
| 041 | 0 | |a slo | |
| 044 | |a SK | ||
| 245 | 1 | 0 | |a Refakturácia služieb z pohľadu DPH |c Juraj Válek |
| 520 | |a Vymedzenie pojmu refakturácia služby. Predmet dane z pridanej hodnoty pri refakturovaní služby. Ilustračný príklad. | ||
| 610 | 2 | 0 | |a dane z hodnoty pridanej |
| 610 | 2 | 0 | |a fakturovanie |
| 610 | 2 | 0 | |a faktúry |
| 610 | 2 | 0 | |a služby |
| 610 | 2 | 0 | |a odpočet dane |
| 100 | 1 | |a Válek, Juraj, 1981- | |